000
00267nam a2200109Ia 4500
008
190919s9999||||xx |||||||||||||| ||und||
100
_a
Keith Devlin
245
0
_a
Sets, Functions and Logic
260
_a
London
_b
World Scientific
_c
2003
300
_a
706
942
_c
BK
999
_c
10346
_d
10346